Statystyki dla Trasa Warszawskiej linii autobusowej 186

Kliknij tutaj aby rozwiązać quiz!

Ogólne statystyki

  • Ten quiz został rozwiązany 21 razy
  • Średni wynik to 29 z 35

Statystyki odpowiedzi

DzielnicaPrzystanek% Poprawnych
ŻoliborzGenerała Maczka
100%
WolaLasek na Kole
100%
WolaMetro Młynów
100%
BiałołękaNowodwory
100%
BiałołękaNowodwory
100%
WolaParafialna
100%
WolaPKP Wola (Kasprzaka)
100%
WolaPKP Wola (Wolska)
100%
BiałołękaTarchomin
100%
WolaArmatnia
86%
OchotaBanacha
86%
BiałołękaBiałołęka-Ratusz
86%
BiałołękaEkspresowa
86%
BiałołękaElektrociepłownia Żerań
86%
BiałołękaMehoffera
86%
BiałołękaMyśliborska
86%
ŻoliborzPark Kaskada
86%
Żoliborz / BielanyPark Olszyna
86%
WolaPKP Koło
86%
OchotaRondo Zesłańców Syberyjskich
86%
OchotaRondo Zesłańców Syberyjskich
86%
BiałołękaŠtefánika
86%
OchotaSzczęśliwice
86%
OchotaBitwy Warszawskiej 1920r.
71%
WolaCzorsztyńska
71%
BiałołękaKanał Żerański
71%
BiałołękaKonwaliowa
71%
BiałołękaMilenijna
71%
BiałołękaObrazkowa
71%
ŻoliborzOsiedle Potok
71%
BiałołękaPłochocińska
71%
OchotaDickensa
57%
OchotaSkorochód-Majewskiego
57%
OchotaSzczęśliwicka
57%
OchotaWiślicka
43%

Rozkład punktacji

Percentyl według liczby udzielonych odpowiedzi

Procent ludzi z każdym wynikiem

Twoja historia wyników

Nie rozwiązałeś tego quizu